| 000 | 00416nam a22001697a 4500 | ||
|---|---|---|---|
| 999 |
_c10632 _d10632 |
||
| 003 | OSt | ||
| 008 | 210518b ||||| |||| 00| 0 eng d | ||
| 020 | _a9780070677494 | ||
| 082 | _a670.42 DUF | ||
| 100 | _aDUNN,William C | ||
| 245 | _aFundamentals of Industrial Instrumentation and Process Control | ||
| 250 | _a7th | ||
| 260 |
_aNew Delhi _bTMH _c2016 |
||
| 300 | _a322 | ||
| 650 | _aBME | ||
| 942 |
_2ddc _cBK _01 |
||